Statistiques concernant Quiz slogan de marque

Cliquez ici pour prendre le quiz!

Statistiques générales

  • Ce quiz a été pris 109 fois
  • Le résultat moyen est 9 sur 15

Statistiques - réponses

SloganMarque% Correct
Pas de stress, y a _____ _Point S
96%
______ c'est beau la vie, pour les grands et les petitsHaribo
93%
Just do it.Nike
93%
Quand est-ce que vous passez chez ____ ?Sosh
87%
La patte de l'expertFeu vert
80%
_________ c'est mon eauCristaline
75%
_______ y en a pas deuxLapeyre
68%
A fond la formeDecathlon
67%
Parce que vous le valez bienl'Oréal
64%
C'est fort en chocolatChocapic
61%
Quand y'en a marre, y'a _______Malabar
59%
Etre un enfant c'est du sport !Pitch
42%
_____ ____, ça rapprocheTourtel Twist
13%
___ __ ___, c'est vert. C'est clairRed by SFR
8%
Le plaisir, c'est importantPrésident
5%

Distribution des résultats

Percentile par nombre de réponses

% des personnes avec chaque résultat

Votre développement - résultats

Vous n’avez pas pris ce quiz